Поляризация электролюминесценции неактивированных и активированных европием щелочно-галоидных кристаллов; Известия вузов. Физика; Т. 47, № 1

Bibliografiset tiedot
Parent link:Известия вузов. Физика/ Министерство общего и профессионального образования Российской Федерации ; Томский Госуниверситет.— , 1958-.— 0021-3411
Т. 47, № 1.— 2004.— с. 96-97
Muut tekijät: Дружинин А. П., Еханин С. Г., Несмелов Н. С., Свешников И. В.
Kieli:venäjä
Julkaistu: 2004
Sarja:Краткие сообщения
Aiheet:
Aineistotyyppi: Kirjan osa
KOHA link:https://koha.lib.tpu.ru/cgi-bin/koha/opac-detail.pl?biblionumber=420005

MARC

LEADER 00000naa2a2200000 4500
001 420005
005 20231101073325.0
035 |a (RuTPU)RU\TPU\prd\77467 
035 |a RU\TPU\prd\25633 
090 |a 420005 
100 |a 20100301a2004 k y0rusy50 ca 
101 0 |a rus 
102 |a RU 
200 1 |a Поляризация электролюминесценции неактивированных и активированных европием щелочно-галоидных кристаллов  |f А. П. Дружинин, С. Г. Еханин, Н. С. Несмелов, И. В. Свешников 
225 1 |a Краткие сообщения 
320 |a Библиогр.: 4 назв. 
461 1 |0 (RuTPU)RU\TPU\prd\191  |x 0021-3411  |t Известия вузов. Физика  |f Министерство общего и профессионального образования Российской Федерации ; Томский Госуниверситет  |d 1958- 
463 1 |0 (RuTPU)RU\TPU\prd\77451  |t Т. 47, № 1  |v с. 96-97  |d 2004 
610 1 |a электролюминесценция 
610 1 |a щелочно-галоидные кристаллы 
610 1 |a центры свечения 
610 1 |a поляризация 
610 1 |a кубические кристаллы 
610 1 |a европий 
610 1 |a элементарные излучатели 
610 1 |a анизотропия 
610 1 |a активированные кристаллы 
610 1 |a автолокализовнные экситоны 
610 1 |a неактивированные кристаллы 
675 |a 535.376  |v 3 
701 1 |a Дружинин  |b А. П. 
701 1 |a Еханин  |b С. Г. 
701 1 |a Несмелов  |b Н. С. 
701 1 |a Свешников  |b И. В. 
801 1 |a RU  |b 63413507  |c 20040423  |g PSBO 
801 2 |a RU  |b 63413507  |c 20101029  |g RCR 
942 |c BK